[Event "Perth op"]
[Site "Perth"]
[Date "2023.01.05"]
[Round "6"]
[White "Saxon, Marc"]
[Black "Fu, Yihe Rebo"]
[Result "0-1"]
[WhiteElo "1813"]
[BlackElo "2149"]
[PlyCount "48"]
[EventDate "2023.01.02"]
[EventType "swiss"]
[EventRounds "11"]
[EventCountry "AUS"]
[SourceTitle "CBM 212 Extra"]
[Source "ChessBase"]
[SourceDate "2023.03.31"]
[SourceVersion "1"]
[SourceVersionDate "2023.03.31"]
[SourceQuality "1"]

1. e4 c5 2. Nf3 e6 3. d4 cxd4 4. Nxd4 Nc6 5. Nb5 Nf6 6. Bf4 e5 7. Bg5 d6 8. Nd2 a6 9. Nc3 Be7 10. a4 Be6 11. Bxf6 Bxf6 12. Bc4 0-0 13. 0-0 Rc8 14. Bxe6 fxe6 15. Nc4 Nd4 16. Ne3 Bg5 17. Qd3 Qe8 18. Nc4 Qh5 19. Rae1 Rf3 20. gxf3 Nxf3+ 21. Qxf3 Qxf3 22. Ne3 Bf4 23. Ng2 Rf8 24. Ne2 Bd2 0-1

[Event "Perth op"]
[Site "Perth"]
[Date "2023.01.02"]
[Round "1"]
[White "Rice, Leah"]
[Black "Saxon, Marc"]
[Result "1/2-1/2"]
[WhiteElo "1403"]
[BlackElo "1813"]
[PlyCount "47"]
[EventDate "2023.01.02"]
[EventType "swiss"]
[EventRounds "11"]
[EventCountry "AUS"]
[SourceTitle "CBM 212 Extra"]
[Source "ChessBase"]
[SourceDate "2023.03.31"]
[SourceVersion "1"]
[SourceVersionDate "2023.03.31"]
[SourceQuality "1"]

1. d4 Nf6 2. c4 g6 3. Nc3 d5 4. cxd5 Nxd5 5. Nf3 Bg7 6. e3 Nxc3 7. bxc3 c5 8. Bc4 0-0 9. 0-0 Nc6 10. a4 cxd4 11. cxd4 e5 12. Ba3 Re8 13. Qb3 Be6 14. Bxe6 Rxe6 15. dxe5 Nxe5 16. Nxe5 Bxe5 17. Rad1 Qc7 18. f4 Bg7 19. Rd3 Rae8 20. Rfd1 h5 21. g3 Bf6 22. Kf2 Qb6 23. Rb1 Qxb3 24. Rbxb3 1/2-1/2

[Event "WA State-ch"]
[Site "South Perth"]
[Date "2006.08.20"]
[Round "8"]
[White "Markou, Victor"]
[Black "Saxon, Marc"]
[Result "0-1"]
[WhiteElo "1426"]
[BlackElo "1702"]
[PlyCount "44"]
[EventDate "2006.07.02"]
[EventType "swiss"]
[EventRounds "9"]
[EventCountry "AUS"]
[SourceTitle "EXT 2008"]
[Source "ChessBase"]
[SourceDate "2007.11.25"]
[SourceVersion "1"]
[SourceVersionDate "2007.11.25"]
[SourceQuality "1"]

1. e4 e5 2. Nf3 Nc6 3. d3 Bc5 4. c3 Nf6 5. g3 d6 6. Bg2 Bg4 7. 0-0 Qd7 8. a4 a5 9. Re1 h6 10. Nbd2 Bh3 11. Bh1 Ng4 12. Re2 0-0 13. Nc4 f5 14. exf5 Rxf5 15. Ne3 Rf7 16. d4 exd4 17. cxd4 Ba7 18. Nc2 Raf8 19. Nh4 Nxf2 20. Rxf2 Rxf2 21. Bd5+ R8f7 22. Bxf7+ Qxf7 0-1

[Event "WA State-ch"]
[Site "South Perth"]
[Date "2006.07.23"]
[Round "4"]
[White "Saxon, Marc"]
[Black "Fedec, John"]
[Result "0-1"]
[WhiteElo "1702"]
[BlackElo "1825"]
[PlyCount "112"]
[EventDate "2006.07.02"]
[EventType "swiss"]
[EventRounds "9"]
[EventCountry "AUS"]
[SourceTitle "EXT 2008"]
[Source "ChessBase"]
[SourceDate "2007.11.25"]
[SourceVersion "1"]
[SourceVersionDate "2007.11.25"]
[SourceQuality "1"]

1. e4 c5 2. Nf3 d6 3. d4 cxd4 4. Nxd4 Nf6 5. Nc3 g6 6. Be3 Bg7 7. f3 0-0 8. Qd2 Nc6 9. Bc4 Bd7 10. h4 Rc8 11. Bb3 Ne5 12. 0-0-0 Nc4 13. Bxc4 Rxc4 14. h5 Nxh5 15. g4 Nf6 16. Nde2 Re8 17. e5 Nxg4 18. fxg4 Bxe5 19. Bd4 Rxd4 20. Nxd4 Bxg4 21. Rdg1 h5 22. Nd5 e6 23. Ne3 Qb6 24. c3 Rc8 25. Kb1 Bf4 26. Qf2 Bxe3 27. Qxe3 Qc5 28. Qh6 Qe5 29. Re1 Qg3 30. Qe3 Qxe3 31. Rxe3 Rc5 32. Kc1 Kg7 33. Ne2 Kf6 34. Ng3 Ke7 35. Rd3 f5 36. Kd2 e5 37. b4 Rc4 38. Nf1 f4 39. Rg1 Ke6 40. a4 d5 41. a5 Re4 42. Rg2 Rc4 43. Rf2 Bf5 44. Rdf3 g5 45. Ng3 h4 46. Nxf5 Kxf5 47. Rd3 d4 48. cxd4 e4 49. Rb3 Rxd4+ 50. Ke2 g4 51. b5 g3 52. Rf1 Kg4 53. b6 a6 54. Rg1 f3+ 55. Ke3 Rd3+ 56. Rxd3 exd3 0-1